Marxisme et lutte de classe (niveau facile) - Partie 1 - Statistiques

Statistiques générales
  • Ce quiz a été pris 145 fois
  • Le résultat moyen est 7 sur 10
Statistiques - réponses
Hint Réponse % Correct
Ouvrage majeur de Karl Marx en plusieurs tomes Le Capital
96%
Compagnon de lutte de Karl Marx Friedrich Engels
94%
Date de la "Commune de Paris" 1871
85%
Année de révolte où jusqu'à 9 millions de grévistes français paralysaient la France gaulliste 1968
82%
Le mouvement contestaire français qui a surgit en novembre 2018 et bloquait les ronds-points. Gilets Jaunes
81%
Autrice allemande communiste, assassinée en 1919 à Berlin par la SPD Rosa Luxembourg
76%
Chant révolutionnaire dont les paroles ont été écrites par Eugène Pottier en 1871 L'Internationale
71%
Date de publication du Manifeste Communiste 1848
69%
Comment appelait-on le pré-prolétariat parisien revendicateur durant la Révolution française ? Les sans-culottes
44%
Célèbre situationniste-communiste, auteur de "La Société du Spectacle" Guy Debord
40%
Aucun quiz correspondant
Distribution des résultats
% des personnes avec chaque résultat
Percentile par nombre de réponses
Votre historique - résultats
Vous n’avez pas pris ce quiz